000 00741nam a2200205 i 4500
001 8987
003 ES-MaACL
005 20240602063025.0
008 930127s1992 sp a |||| | spa d
020 _a84-604-4334-5
080 _a061.21(467.331.2)Ateneo Alicante
100 1 _aRamos, Vicente,
_d1919-2011
_9170547
245 1 0 _aBreve historia del Ateneo de Alicante /
_cVicente Ramos.
260 _aAlicante :
_bAteneo Científico, Literario y Artístico,
_cD.L. 1992.
300 _a94 p. :
_bil. ;
_c21 cm.
610 2 7 _aAteneo Científico, Literario y Artístico (Alicante)-
_xHistoria.
_91847
710 2 _aAteneo Científico, Literario y Artístico (Alicante)
_91846
852 _aES-MaACL
_jL-16516
999 _c8987
_d8987